| 000 | 00385nam a2200145Ia 4500 | ||
|---|---|---|---|
| 008 | 220217s9999||||xx |||||||||||||| ||und|| | ||
| 020 | _a0-07-054073-X | ||
| 082 | _a620 MAR | ||
| 100 |
_aMartin, Mike, W _94209 |
||
| 245 | 0 | _aEthics in engineering | |
| 250 | _a3rd | ||
| 260 |
_aTata mc graw hill ltd. _bNew Delhi _c2003 |
||
| 300 | _b225 | ||
| 650 |
_aENGINEERING ETHICS _93047 |
||
| 999 |
_c173713 _d173713 |
||